Protokol MPTCP v satelitných SDN sieťach

Guardado en:
Detalles Bibliográficos
Autor principal: Laš, Matej (Autor)
Otros Autores: Trúchly, Peter (Orientador)
Formato: Manuscrito Libro
Lenguaje:eslovaco
Publicado: 2022
Materias:
Acceso en línea:http://is.stuba.sk/zp/portal_zp.pl?podrobnosti=155047
Etiquetas: Agregar Etiqueta
Sin Etiquetas, Sea el primero en etiquetar este registro!

MARC

LEADER 00000ntm a22000003a 4500
001 stuzp88038
003 SK-STU
005 20220625210838.4
007 ta
008 150427s2015----xo-----f-mn---000-0-slo-d
040 |a STU  |b slo 
041 0 |a slo 
100 1 |a Laš, Matej  |u 070400  |4 aut  |U FIIT Fakulta informatiky a informačných technológií  |T FIIT Ústav počítačového inžinierstva a aplikovanej informatiky  |X 103023  |U I400  |Y 672  |7 103023 
242 0 1 |a Multipath TCP in satellite SDN networks  |y eng 
245 1 0 |a Protokol MPTCP v satelitných SDN sieťach 
260 |c 2022 
650 4 |a satelitné siete  |2 slo 
650 4 |a SDN  |2 slo 
650 4 |a MPTCP  |2 slo 
650 4 |a satellite networks  |2 eng 
650 4 |a SDN  |2 eng 
650 4 |a MPTCP  |2 eng 
700 1 |a Trúchly, Peter  |u 070400  |k Z1  |4 ths  |U FIIT Fakulta informatiky a informačných technológií  |T FIIT Ústav počítačového inžinierstva a aplikovanej informatiky  |X 1917  |U I400  |Y 672  |7 1917 
856 4 |u http://is.stuba.sk/zp/portal_zp.pl?podrobnosti=155047